<?xml version="1.0" encoding="UTF-8"?>
<collection xmlns="http://www.loc.gov/MARC21/slim">
 <record>
  <leader>02905nam a22003135a 4500</leader>
  <controlfield tag="001">EUN.eunm000689</controlfield>
  <controlfield tag="008">050920s2004####ag#a#####b####000#0#spa#d</controlfield>
  <controlfield tag="005">20251222092005.0</controlfield>
  <datafield tag="245" ind1="0" ind2="0">
   <subfield code="a">Ecosistema del estuario de Bahía Blanca /</subfield>
   <subfield code="c">editado por María Cintia Piccolo, Mónica S. Hoffmeyer.</subfield>
  </datafield>
  <datafield tag="250" ind1=" " ind2=" ">
   <subfield code="a">2a. ed. [i.e. 1a. ed.].</subfield>
  </datafield>
  <datafield tag="260" ind1=" " ind2=" ">
   <subfield code="a">Bahía Blanca, Argentina :</subfield>
   <subfield code="b">Instituto Argentino de Oceanografía,</subfield>
   <subfield code="c">2004.</subfield>
  </datafield>
  <datafield tag="300" ind1=" " ind2=" ">
   <subfield code="a">233 p. :</subfield>
   <subfield code="b">il. (algunas col.), mapas (algunos col.) ;</subfield>
   <subfield code="c">25 cm.</subfield>
  </datafield>
  <datafield tag="500" ind1=" " ind2=" ">
   <subfield code="a">Reimpreso en agosto de 2004 (como 2a. ed.).</subfield>
  </datafield>
  <datafield tag="504" ind1=" " ind2=" ">
   <subfield code="a">Incluye referencias bibliográficas.</subfield>
  </datafield>
  <datafield tag="505" ind1="0" ind2=" ">
   <subfield code="a">¿Por qué Bahía Blanca es un estuario? / Gerardo M.E. Perillo -- Orígenes morfológicos / Walter Daniel Melo -- Geomorfología / Diana G. Cuadrado, Silvia S. Ginsberg y Eduardo A. Gómez -- Estructura profunda del basamento y su correlación con las geoformas superficiales / José Kostadinoff -- Textura y mineralogía de los sedimentos / Edgardo M. Gelós ... [et al.] -- Los tipos de fondos y su caracterización geológica por métodos sismoacústicos / Salvador Aliotta y Guillermo O. Lizasoain -- Oceanografía física / Gerardo M.E. Perillo ... [et al.] -- Oceanografía química / Rubén Hugo Freije y Jorge Marcovecchio -- Climatología / Alicia M. Capelli de Steffens y Alicia M. Campo de Ferreras -- Meteorología del puerto Coronel Rosales / María Cintia Piccolo y Paula Gabriela Diez -- Fitoplancton / Cecilia A. Popovich -- Marismas y algas bentónicas / Elisa R. Parodi -- Estudios microbiológicos. Bacterias indicadoras de contaminación / Clyde Cabezalí, Mónica Baldini y M. Amelia Cubitto -- Ciliados planctónicos / Rosa E. Pettigrosso y María S. Barría -- Meso-zooplancton / Mónica S. Hoffmeyer -- Macro-zooplancton y aguas costeras adyacentes / Mónica S. Hoffmeyer y Patricia M. Cervellini -- Crustáceos pelágicos / Patricia M. Cervellini -- Asociaciones bentónicas de fondos duros y comunidades incrustantes / Claudia S. Bremec, Daniel E. Martínez y Rodolfo Elías -- Comunidades bentónicas de fondos blandos / Rodolfo Elías ... [et al.] -- Peces / Andrea C. López Cazorla -- Aves marinas y costeras / Kaspar Dehley y Pablo Petracci -- Mamíferos marinos / Guillermo I. Fidalgo.</subfield>
  </datafield>
  <datafield tag="020" ind1=" " ind2=" ">
   <subfield code="a">9879281969</subfield>
  </datafield>
  <datafield tag="700" ind1="1" ind2=" ">
   <subfield code="a">Piccolo, María Cintia,</subfield>
   <subfield code="d">1951-</subfield>
  </datafield>
  <datafield tag="700" ind1="1" ind2=" ">
   <subfield code="a">Hoffmeyer, Mónica S.</subfield>
   <subfield code="q">(Mónica Susana)</subfield>
  </datafield>
  <datafield tag="700" ind1="1" ind2=" ">
   <subfield code="a">Cuadrado, Diana G.,</subfield>
   <subfield code="d">1958-</subfield>
  </datafield>
  <datafield tag="043" ind1=" " ind2=" ">
   <subfield code="a">s-ag---</subfield>
  </datafield>
  <datafield tag="082" ind1="0" ind2="4">
   <subfield code="a">577.786368</subfield>
   <subfield code="2">21</subfield>
  </datafield>
  <datafield tag="650" ind1=" " ind2="7">
   <subfield code="a">Ecología.</subfield>
   <subfield code="2">unbist</subfield>
  </datafield>
  <datafield tag="650" ind1=" " ind2="7">
   <subfield code="a">Estuarios.</subfield>
   <subfield code="2">unbist</subfield>
  </datafield>
  <datafield tag="650" ind1=" " ind2="7">
   <subfield code="a">Ecosistemas.</subfield>
   <subfield code="2">unbist</subfield>
  </datafield>
  <datafield tag="651" ind1=" " ind2="0">
   <subfield code="a">Bahía Blanca (Argentina)</subfield>
  </datafield>
  <datafield tag="859" ind1=" " ind2=" ">
   <subfield code="a">AR-BaUNS</subfield>
   <subfield code="b">BIB. CENTRAL - Sector A</subfield>
   <subfield code="h">574.52</subfield>
   <subfield code="i">Ec75</subfield>
   <subfield code="p">116018/005</subfield>
  </datafield>
  <datafield tag="859" ind1=" " ind2=" ">
   <subfield code="a">AR-BaUNS</subfield>
   <subfield code="b">BIB. CENTRAL - Sector A</subfield>
   <subfield code="h">574.52</subfield>
   <subfield code="i">Ec75</subfield>
   <subfield code="p">116019/005</subfield>
   <subfield code="t">Ej.2</subfield>
  </datafield>
  <datafield tag="859" ind1=" " ind2=" ">
   <subfield code="a">AR-BaUNS</subfield>
   <subfield code="b">BIB. CENTRAL - Sector A</subfield>
   <subfield code="h">574.52</subfield>
   <subfield code="i">Ec75</subfield>
   <subfield code="p">116020/005</subfield>
   <subfield code="t">Ej.3</subfield>
  </datafield>
  <datafield tag="859" ind1=" " ind2=" ">
   <subfield code="a">AR-BaUNS</subfield>
   <subfield code="b">BIB. CENTRAL - Sector A</subfield>
   <subfield code="h">574.52</subfield>
   <subfield code="i">Ec75</subfield>
   <subfield code="p">116021/005</subfield>
   <subfield code="t">Ej.4</subfield>
  </datafield>
 </record>
</collection>
